000 06226nam a22005057a 4500
005 20100208094126.0
010 _aHIN-88980
020 _a9788190809665
_c250.00
035 _aHN-61326
035 _aB-398083-102
037 _bDBAD / PUB
037 _bसामयिक बुक्स
082 _a824
100 _aश्रीवास्तव, परमानन्द
_922053
245 _aअंधेरे समय में शब्द /
_cपरमानन्द श्रीवास्तव
246 _aAndhere samay mein shabd
_bby Parmanand Srivastava
260 _aनई दिल्ली
_bसामयिक बुक्स
_c2009
270 _a3320-21, जटवाड़ा, दरियागंज, एन.एस.मार्ग
_bनई दिल्ली
_e110002
300 _a176पृ
_c22सेमी (सजिल्द)
650 _aहिन्दी निबंध
_922054
650 _aHindi essays
_922055
942 _2ddc
_cHN
_mश्रीवास्त
_h824
999 _c33726
_d33726